000 00433nam a2200169Ia 4500
005 20250923150330.0
008 008 250917s9999 xx 000 0 eng d
037 _aTextual
040 _aDSWL
_beng
_cDSWL
041 _aeng
_2eng
084 _qDSWL
245 0 _aHuman Rights In the 21st century
_cEd. bymohammad Shabbir
260 _aJaipur
_bRawat
_c2008
300 _a418p.
942 _cTEXL
999 _c1462288
_d1462288